000 004850000a22001930004500
001 1668
003 CO-MdFUSB
005 20170627191728.0
008 170627b xxu||||| |||| 00| 0 eng d
020 _a84-666-0891-5
040 _cCO-MdBIC
082 0 4 _a863C G882cr
100 1 _aGrimm, Jacob
245 1 0 _aCaperucita / Jacob y Wilhelm Grimm ; ilustraciones Javier Serrano
260 _aBarcelona : Ediciones B.
300 _a40 P.
650 1 4 _aCuento infantil
942 _cLGB
999 _c48826
_d48826